LEADER 01053nam0-22003131i-450 001 990004742140403321 005 20210601143547.0 035 $a000474214 035 $aFED01000474214 035 $a(Aleph)000474214FED01 035 $a000474214 100 $a19990530g18879999km-y0itay50------ba 101 0 $aita 105 $ay-------001yy 200 1 $a<>UNIVERSITA'$eRivista dell'istruzione superiore$eAnno I - N 1 e 2 - Aprile 1887$eAnno 2. n. 1 - gennaio 1888$fPubblicata da una societa di professori$epresidente Emilio Villari$gConsiglio di redazione$ePietro Albertoni$gFrancesco 210 $aBologna$cs.e.$d1887. 215 $a639 p.$d25 cm 702 1$aAlbertoni,$bPietro 702 1$aBertolini,$bFrancesco$f<1836-1909> 702 1$aCocconi,$bGirolamo 702 1$aVillari,$bEmilio$f<1836-1904> 801 0$aIT$bUNINA$gRICA$2UNIMARC 901 $aBK 912 $a990004742140403321 952 $a3/XI AA 35 (2)$bS.I.$fFLFBC 956 $a3/XI AA 35$bS.I.$fFLFBC 959 $aFLFBC 996 $aUniversità$962405 997 $aUNINA LEADER 01878nas 2200601-a 450 001 996218430703316 005 20240413013455.0 011 $a1748-6653 035 $a(DE-599)ZDB2380753-2 035 $a(CKB)1000000000277948 035 $a(CONSER)--2007206092 035 $a(EXLCZ)991000000000277948 100 $a20070514a20079999 --- - 101 0 $aeng 181 $ctxt$2rdacontent 182 $cc$2rdamedia 183 $acr$2rdacarrier 200 00$aJournal of neuropsychology 210 $aLeicester, UK $cBritish Psychological Society$d©2007- 210 3 $aChichester $cWiley-Blackwell 215 $a1 online resource 300 $aRefereed/Peer-reviewed 311 $aPrint version: Journal of neuropsychology. (DLC) 2007206092 (OCoLC)126835331 1748-6645 517 3 $aNeuropsychology 531 $aJ NEUROPSYCHOL 531 $aJ. NEUROPSYCHOL 606 $aNeuropsychology$vPeriodicals 606 $a77.50 psychophysiology$3(NL-LeOCL)07759794X$2bcl 606 $aNeuropsychology$2fast$3(OCoLC)fst01036493 606 $aNeuropsychologie$2gtt 606 $aNeuropsychologie$2ram 606 $aNervous System Diseases$xpsychology 608 $aperiodicals.$2aat 608 $aPeriodicals.$2fast 608 $aPeriodicals.$2lcgft 608 $aPériodiques.$2rvmgf 608 $aPeriodical 615 0$aNeuropsychology 615 7$a77.50 psychophysiology. 615 7$aNeuropsychology. 615 17$aNeuropsychologie. 615 17$aNeuropsychologie. 615 12$aNervous System Diseases$xpsychology 676 $a612.82305 686 $a77.50$2bcl 686 $a5,2$2ssgn 686 $a150$a610$a260$a870$2zdbs 712 02$aBritish Psychological Society. 906 $aJOURNAL 912 $a996218430703316 920 $aexl_impl conversion 996 $aJournal of neuropsychology$92127823 997 $aUNISA